Quân dân thị xã Thủ Dầu Một chuẩn bị các hoạt động Tổng tiến công và nổi dậy xuân 1975

Shranjeno v:
Bibliografske podrobnosti
Glavni avtor: Hà Thăng
Format: Knjiga
Jezik:Undetermined
Teme:
Online dostop:http://lrc.tdmu.edu.vn/opac/search/detail.asp?aID=2&ID=23657
Oznake: Označite
Brez oznak, prvi označite!
Thư viện lưu trữ: Trung tâm Học liệu Trường Đại học Thủ Dầu Một
LEADER 00667nam a2200145Ia 4500
001 TDMU_23657
008 210410s9999 xx 000 0 und d
082 |a 959.704 
100 |a Hà Thăng 
245 0 |a Quân dân thị xã Thủ Dầu Một chuẩn bị các hoạt động Tổng tiến công và nổi dậy xuân 1975 
245 0 |c Hà Thăng 
300 |a 3tr 
650 |a Quân dân thị xã Thủ Dầu Một; Tổng tiến công và nổi dậy xuân 1975; Lịch sử  
856 |u http://lrc.tdmu.edu.vn/opac/search/detail.asp?aID=2&ID=23657 
980 |a Trung tâm Học liệu Trường Đại học Thủ Dầu Một